Feeding African cities : studies in regional social history

Αποθηκεύτηκε σε:
Λεπτομέρειες βιβλιογραφικής εγγραφής
Συγγραφή απο Οργανισμό/Αρχή: International African Institute
Άλλοι συγγραφείς: Guyer, Jane I. (Επιμελητής έκδοσης)
Μορφή: Βιβλίο
Γλώσσα:English
Δημοσίευση: London : Manchester University Press, c1987
Σειρά:International African library ; ; 2
Θέματα:
Ετικέτες: Προσθήκη ετικέτας
Δεν υπάρχουν, Καταχωρήστε ετικέτα πρώτοι!

MARC

LEADER 00000cam a2200000 i 4500
001 1/63553
008 930924s1987 eng d
020 |a 0-7190-2214-2cased 
035 |a ΛΕΣΒΟΣb10001229  |l 10001229 
040 |a GR-MY-UA  |b gre  |e aacr 
041 0 |a eng 
082 0 |a 338.196 
245 1 0 |a Feeding African cities :  |b studies in regional social history /  |c Edited by Jane I. Guyer 
260 |a London :   |b Manchester University Press,   |c c1987 
300 |a 249 p. 
490 1 |a International African library  |v ; 2 
504 |a Includes index 
650 0 0 |a Food supply  |z Africa. 
650 0 0 |a Cities and towns  |z Africa  |x Growth. 
650 0 0 |a Households  |z Africa. 
700 1 |a Guyer, Jane I.  |4 edt 
710 2 |a International African Institute. 
830 0 |a International African library ;  |v ; 2 
852 |a INST  |b LESVOS  |e 19930924  |h 338.196 FEE  |p 005100004232  |q 005100004232  |t BK  |y 0 
909 |a Λ  |b 012169